Normal view
MARC view
- Murphy William S
Entry Personal Name
001 - CONTROL NUMBER
- control field: 6130
003 - CONTROL NUMBER IDENTIFIER
- control field: OSt
005 - DATE AND TIME OF LATEST TRANSACTION
- control field: 20220708093210.0
008 - FIXED-LENGTH DATA ELEMENTS
- fixed length control field: 220708|| aca||aabn | a|a d
040 ## - CATALOGING SOURCE
- Original cataloging agency: OSt
- Transcribing agency: OSt
100 ## - HEADING--PERSONAL NAME
- Personal name: Murphy William S
670 ## - SOURCE DATA FOUND
- Source citation: Work cat.: (OSt)6698: Murphy William S., Encyclopedia of Texile Technology-Vol.1, 1999